[Event "2BLW 1920 Bochumer SV 02 - SG Solingen "]
[Site "?"]
[Date "2020.01.19"]
[Round "5.1"]
[White "Handke, Florian"]
[Black "Zaitsev, Mikhail"]
[Result "1/2-1/2"]
[WhiteElo "2531"]
[BlackElo "2425"]
[PlyCount "95"]
[EventDate "2020.??.??"]

1. e4 e5 2. Nf3 Nf6 3. Nxe5 d6 4. Nf3 Nxe4 5. Nc3 Nf6 6. d4 Be7 7. Bd3 O-O 8.
O-O Bg4 9. h3 Bh5 10. g4 Bg6 11. Bxg6 hxg6 12. d5 Re8 13. Re1 Nbd7 14. Bf4 Ne5
15. b4 Ned7 16. Qd3 Ne5 17. Nxe5 dxe5 18. Rxe5 Bxb4 19. Rxe8+ Nxe8 20. Ne4 Bd6
21. Bd2 Nf6 22. Bg5 Be7 23. Bxf6 Bxf6 24. Re1 b6 25. Qb5 Be7 26. Qc6 Kf8 27.
Re3 a5 28. Rf3 Kg8 29. Kg2 Rb8 30. a4 Bd6 31. Re3 Kf8 32. h4 Qe8 33. Qxe8+ Rxe8
34. Kf3 Rb8 35. c4 Ke7 36. Ng5+ Kd7 37. Ke4 Rf8 38. Rf3 Ke7 39. h5 gxh5 40.
gxh5 Bb4 41. Kf5 g6+ 42. hxg6 fxg6+ 43. Ke4 Rxf3 44. Nxf3 Bc5 45. Nd4 Bxd4 46.
Kxd4 Kf6 47. f4 c6 48. dxc6 1/2-1/2

[Event "2BLW 1920 Bochumer SV 02 - SG Solingen "]
[Site "?"]
[Date "2020.01.19"]
[Round "5.2"]
[White "Zatonskih, Anna"]
[Black "Wegerle, Joerg"]
[Result "1/2-1/2"]
[WhiteElo "2425"]
[BlackElo "2401"]
[PlyCount "41"]
[EventDate "2020.??.??"]

1. d4 Nf6 2. c4 c6 3. Nf3 d5 4. Nbd2 g6 5. e3 Bg7 6. Be2 O-O 7. O-O Bg4 8. h3
Bxf3 9. Nxf3 Nbd7 10. b3 Ne4 11. Bb2 e6 12. Bd3 f5 13. Qe2 Qf6 14. Rfe1 Rae8
15. Ne5 Nxe5 16. dxe5 Qh4 17. Rad1 g5 18. f3 Nc5 19. Qf2 Qxf2+ 20. Kxf2 Nxd3+
21. Rxd3 {(=)} 1/2-1/2

[Event "2BLW 1920 Bochumer SV 02 - SG Solingen "]
[Site "?"]
[Date "2020.01.19"]
[Round "5.3"]
[White "Schlecht, Daniel"]
[Black "Friedmann, Rafael"]
[Result "1-0"]
[WhiteElo "2363"]
[BlackElo "2450"]
[PlyCount "101"]
[EventDate "2020.??.??"]

1. d4 Nf6 2. c4 e5 3. dxe5 Ng4 4. Bf4 Nc6 5. Nf3 Bb4+ 6. Nbd2 Qe7 7. e3 Ngxe5
8. Nxe5 Nxe5 9. Be2 O-O 10. O-O a5 11. Nb3 Re8 12. a3 Bc5 13. Nxc5 Qxc5 14. b4
Qe7 15. c5 d6 16. cxd6 cxd6 17. Qd4 axb4 18. axb4 Be6 19. Rfd1 Rxa1 20. Rxa1
Rc8 21. b5 f6 22. h3 Rc2 23. Ra8+ Kf7 24. Bxe5 fxe5 25. Qe4 Rc1+ 26. Kh2 g6 27.
Rb8 Rc7 28. Bf3 Bf5 29. Qd5+ Be6 30. Qe4 Bf5 31. Qd5+ Be6 32. Qd3 Rd7 33. Qe4
Bf5 34. Qd5+ Be6 35. Qe4 Bf5 36. Qd5+ Be6 37. Qxb7 Rxb7 38. Rxb7 d5 39. Rxe7+
Kxe7 40. Bg4 Bf7 41. f4 exf4 42. exf4 Kd6 43. Be2 Kc5 44. g4 Be6 45. Bd3 Bd7
46. f5 gxf5 47. gxf5 Kd6 48. Kg3 Ke5 49. Kg4 Kd4 50. Kf4 Kxd3 51. b6 1-0

[Event "2BLW 1920 Bochumer SV 02 - SG Solingen "]
[Site "?"]
[Date "2020.01.19"]
[Round "5.4"]
[White "Jellinghaus, Lars"]
[Black "Schaefer, Markus"]
[Result "1/2-1/2"]
[WhiteElo "2228"]
[BlackElo "2375"]
[PlyCount "34"]
[EventDate "2020.??.??"]

1. d4 d5 2. c4 c6 3. Nf3 Nf6 4. Nc3 e6 5. cxd5 cxd5 6. Bg5 Be7 7. e3 O-O 8. Bd3
Nc6 9. O-O Bd7 10. Rc1 Rc8 11. Qe2 h6 12. Bh4 Nh7 13. Bg3 f5 14. Ne5 Be8 15.
Nxc6 Bxc6 16. Be5 Nf6 17. f4 a6 {(=)} 1/2-1/2

[Event "2BLW 1920 Bochumer SV 02 - SG Solingen "]
[Site "?"]
[Date "2020.01.19"]
[Round "5.5"]
[White "Hobusch, Jan"]
[Black "Kiese, Matthias"]
[Result "1/2-1/2"]
[WhiteElo "2231"]
[BlackElo "2197"]
[PlyCount "50"]
[EventDate "2020.??.??"]

1. d4 d5 2. c4 e6 3. Nf3 Nf6 4. Nc3 Nbd7 5. Bf4 dxc4 6. e3 b5 7. Nxb5 Bb4+ 8.
Nc3 Nd5 9. Qc2 Nxf4 10. exf4 Bb7 11. Bxc4 Bxf3 12. gxf3 O-O 13. O-O-O Qf6 14.
f5 Qxf5 15. Qxf5 exf5 16. Nd5 Bd6 17. h3 Nb6 18. Bb3 c5 19. Nxb6 axb6 20. dxc5
Bxc5 21. Rhe1 Rfd8 22. Re2 Kf8 23. Red2 Rxd2 24. Rxd2 Ke7 25. Kd1 Rd8 {(=)}
1/2-1/2

[Event "2BLW 1920 Bochumer SV 02 - SG Solingen "]
[Site "?"]
[Date "2020.01.19"]
[Round "5.6"]
[White "Heinbuch, Detlef Ulrich"]
[Black "Berg, Michael"]
[Result "1/2-1/2"]
[WhiteElo "2283"]
[BlackElo "2301"]
[PlyCount "25"]
[EventDate "2020.??.??"]

1. c4 c5 2. b3 Nf6 3. Bb2 e6 4. Nf3 b6 5. e3 Bb7 6. Be2 Be7 7. O-O O-O 8. a3
Qc7 9. Nc3 a6 10. Rc1 d6 11. d4 cxd4 12. Nxd4 Nbd7 13. Nb1 {(=)} 1/2-1/2

[Event "2BLW 1920 Bochumer SV 02 - SG Solingen "]
[Site "?"]
[Date "2020.01.19"]
[Round "5.7"]
[White "Wickenfeld, Stefan"]
[Black "Pewny, Uwe"]
[Result "1/2-1/2"]
[WhiteElo "2164"]
[BlackElo "2215"]
[PlyCount "115"]
[EventDate "2020.??.??"]

1. d4 g6 2. Nf3 Bg7 3. g3 d6 4. Bg2 Nf6 5. O-O O-O 6. b3 c5 7. Bb2 Nc6 8. c4
cxd4 9. Nxd4 Bd7 10. Nc3 Nxd4 11. Qxd4 Bc6 12. Nd5 Ne8 13. Qd2 Bxb2 14. Qxb2
Bxd5 15. Bxd5 Qb6 16. h4 Rc8 17. Rac1 Nf6 18. Bf3 h5 19. Qa3 Rc7 20. Rc2 Rfc8
21. Rfc1 a5 22. Rd1 Qb4 23. Qxb4 axb4 24. a3 bxa3 25. Ra2 Rb8 26. Rxa3 b5 27.
cxb5 Rxb5 28. Rb1 d5 29. e3 Rcb7 30. Kf1 e6 31. Ke1 Kf8 32. Kd2 Ke7 33. Rb2 Ne8
34. Be2 R5b6 35. Kc2 Nd6 36. Bd3 Nc4 37. Bxc4 dxc4 38. Kc3 Rb4 39. Ra7 Rxb3+
40. Rxb3 Rxa7 41. Kxc4 Ra2 42. f4 f5 43. e4 Ra4+ 44. Kd3 Rxe4 45. Rb7+ Kf6 46.
Rb6 Re1 47. Rb3 e5 48. Kd2 Re4 49. Rb6+ Kf7 50. Rb7+ Ke6 51. Rb6+ Kd7 52. Rxg6
exf4 53. gxf4 Rxf4 54. Rg5 Rxh4 55. Rxf5 Ke6 56. Rf8 Ke5 57. Ke3 Rg4 58. Kf3
1/2-1/2

[Event "2BLW 1920 Bochumer SV 02 - SG Solingen "]
[Site "?"]
[Date "2020.01.19"]
[Round "5.8"]
[White "Ganzer, Uwe"]
[Black "Gupta, Milon"]
[Result "1/2-1/2"]
[WhiteElo "2204"]
[BlackElo "2185"]
[PlyCount "54"]
[EventDate "2020.??.??"]

1. Nf3 Nf6 2. c4 d6 3. d4 Nbd7 4. Nc3 e5 5. g3 Be7 6. Bg2 O-O 7. O-O c6 8. Qc2
Re8 9. Rd1 Bf8 10. dxe5 dxe5 11. Rb1 Qc7 12. b4 Nb6 13. Nd2 Be6 14. Nce4 Nxe4
15. Bxe4 g6 16. c5 Nd5 17. Bd3 Nf6 18. Bc4 Rad8 19. Bxe6 Rxe6 20. Nc4 Rxd1+ 21.
Qxd1 b6 22. cxb6 axb6 23. Qb3 b5 24. Ne3 h5 25. a4 bxa4 26. Qxa4 Qd7 27. b5
cxb5 {(=)} 1/2-1/2

[Event "2BLW 1920 SG Porz - TSV Schott Mainz"]
[Site "?"]
[Date "2020.01.19"]
[Round "5.1"]
[White "Lobron, Eric"]
[Black "Lutz, Christopher"]
[Result "1/2-1/2"]
[WhiteElo "2500"]
[BlackElo "2542"]
[PlyCount "99"]
[EventDate "2020.??.??"]

1. e4 c5 2. Nf3 d6 3. d4 cxd4 4. Nxd4 Nf6 5. Nc3 a6 6. h3 e6 7. g4 b5 8. Bg2
Bb7 9. O-O b4 10. Nd5 exd5 11. exd5 Be7 12. g5 Nfd7 13. Nc6 Qc7 14. Nxe7 Kxe7
15. Re1+ Kd8 16. Qd4 f6 17. Qxb4 Ne5 18. f4 Ng6 19. Re6 Qc5+ 20. Qxc5 dxc5 21.
Bd2 a5 22. gxf6 gxf6 23. Rxf6 Nd7 24. Rf7 Ra6 25. Re1 Rg8 26. Kh2 Nh4 27. Bh1
Rag6 28. Bxa5+ Kc8 29. c4 Rf6 30. Ree7 Rxf7 31. Rxf7 Rf8 32. Rxh7 Rxf4 33. Kg3
Ng6 34. Rg7 Nde5 35. b3 Rd4 36. Rg8+ Kd7 37. Rd8+ Ke7 38. Rb8 Ba6 39. Rb6 Bc8
40. Bg2 Rd3+ 41. Kf2 Bxh3 42. Rxg6 Nxg6 43. Be4 Ne5 44. Bxd3 Nxd3+ 45. Ke3 Nc1
46. b4 Bf1 47. bxc5 Bxc4 48. Ke4 Bxa2 49. c6 Kd6 50. Bb4+ {(=)} 1/2-1/2

[Event "2BLW 1920 SG Porz - TSV Schott Mainz"]
[Site "?"]
[Date "2020.01.19"]
[Round "5.2"]
[White "Xu, Xianliang"]
[Black "Krivonosov, Oleg"]
[Result "1-0"]
[WhiteElo "2435"]
[BlackElo "2400"]
[PlyCount "93"]
[EventDate "2020.??.??"]

1. Nf3 Nf6 2. d4 d5 3. c4 e6 4. g3 Bb4+ 5. Bd2 Be7 6. Bg2 O-O 7. O-O c6 8. Qc2
Nbd7 9. Rc1 b6 10. cxd5 cxd5 11. Nc3 Bb7 12. Qa4 a6 13. a3 Rc8 14. Na2 Rc4 15.
Rxc4 b5 16. Ba5 Qb8 17. Rc8 Rxc8 18. Qb3 Ne4 19. Nb4 Rc4 20. Nd3 h6 21. Qd1 Bd6
22. e3 Bc7 23. Bxc7 Qxc7 24. Rb1 a5 25. Nd2 Nxd2 26. Qxd2 Rc2 27. Qd1 Rc6 28.
Bf1 Ba6 29. Ra1 Bb7 30. b4 Rc4 31. Nc5 axb4 32. axb4 Nxc5 33. Bxc4 dxc4 34.
dxc5 Qe5 35. Qd4 Qh5 36. e4 Qe2 37. Qd8+ Kh7 38. Qd1 Qb2 39. Qc1 Qe5 40. Ra7
Qb8 41. Qa1 c3 42. f3 Qe5 43. Qd1 Bxe4 44. fxe4 Qxe4 45. Rxf7 Qxb4 46. Qd3+ Kg8
47. Rc7 1-0

[Event "2BLW 1920 SG Porz - TSV Schott Mainz"]
[Site "?"]
[Date "2020.01.19"]
[Round "5.3"]
[White "Balcerak, Jakob"]
[Black "Suvorov, Alexander"]
[Result "1/2-1/2"]
[WhiteElo "2478"]
[BlackElo "2267"]
[PlyCount "71"]
[EventDate "2020.??.??"]

1. d4 Nf6 2. c4 e6 3. Nf3 d5 4. Nc3 a6 5. cxd5 exd5 6. Bg5 Be6 7. e3 Nbd7 8.
Bd3 Bd6 9. O-O O-O 10. Qc2 h6 11. Bf4 Qe7 12. h3 c5 13. Bxd6 Qxd6 14. dxc5 Nxc5
15. Rfd1 Rac8 16. Rac1 b5 17. Nd4 Qb6 18. Nce2 Nce4 19. Qb3 Nc5 20. Qb4 Nxd3
21. Rxd3 Ne4 22. Rdd1 Rc4 23. Qe1 Rfc8 24. f3 Nf6 25. b3 R4c7 26. Rxc7 Rxc7 27.
Rc1 Bd7 28. Rxc7 Qxc7 29. Qc1 Qd6 30. Nf4 Ne8 31. Nd3 Bxh3 32. gxh3 Qg6+ 33.
Kf2 Qxd3 34. Qc8 Qd2+ 35. Ne2 Kf8 36. Qc5+ 1/2-1/2

[Event "2BLW 1920 SG Porz - TSV Schott Mainz"]
[Site "?"]
[Date "2020.01.19"]
[Round "5.4"]
[White "Braun, Christian"]
[Black "Cicak, Slavko"]
[Result "0-1"]
[WhiteElo "2409"]
[BlackElo "2479"]
[PlyCount "126"]
[EventDate "2020.??.??"]

1. e4 c5 2. Nf3 d6 3. g3 Nc6 4. Bg2 Bg4 5. d3 g6 6. Nbd2 Bh6 7. h3 Bxf3 8. Nxf3
Bxc1 9. Qxc1 Kf8 10. O-O Kg7 11. Re1 e5 12. c3 Nf6 13. Qd2 b5 14. d4 cxd4 15.
cxd4 Qb6 16. Rac1 Rhe8 17. d5 Na5 18. h4 Rac8 19. Qe2 b4 20. Bh3 Rxc1 21. Rxc1
b3 22. axb3 Nxb3 23. Rc6 Nd4 24. Nxd4 Qxd4 25. Rc4 Qb6 26. b4 a5 27. bxa5 Qxa5
28. Rc6 Qb4 29. Rc4 Qb1+ 30. Qf1 Qb2 31. Ra4 Rb8 32. Qc4 Qd2 33. Qf1 Rb2 34.
Rc4 Ra2 35. Bc8 Nh5 36. Qg2 Qd1+ 37. Qf1 Qf3 38. Qg2 Qd1+ 39. Qf1 Qb3 40. Bh3
Rxf2 41. Kxf2 Qxg3+ 42. Ke2 Nf4+ 43. Kd2 Nxh3 44. Rc3 Qh2+ 45. Qe2 Qf4+ 46. Qe3
Qh2+ 47. Qe2 Nf2 48. Ke1 Qg1+ 49. Kd2 Ng4 50. Rc6 Nf6 51. Rc4 Qg3 52. Qe1 Qh2+
53. Kc1 Qf4+ 54. Kb2 Nxd5 55. Qc1 Ne3 56. Rc3 Qf2+ 57. Ka1 Ng2 58. h5 Nf4 59.
hxg6 hxg6 60. Rc7 Qd4+ 61. Qc3 Qxe4 62. Qc4 Qxc4 63. Rxc4 g5 0-1

[Event "2BLW 1920 SG Porz - TSV Schott Mainz"]
[Site "?"]
[Date "2020.01.19"]
[Round "5.5"]
[White "Cremer, Kevin"]
[Black "Korotkjevich, Stanislav"]
[Result "1/2-1/2"]
[WhiteElo "2280"]
[BlackElo "2375"]
[PlyCount "80"]
[EventDate "2020.??.??"]

1. b3 Nf6 2. Bb2 g6 3. Bxf6 exf6 4. c4 Bg7 5. e3 O-O 6. Nc3 f5 7. g3 d6 8. Bg2
Nd7 9. Nge2 Nf6 10. O-O Re8 11. Rc1 c6 12. b4 a6 13. a4 Be6 14. b5 axb5 15.
axb5 Bd7 16. bxc6 bxc6 17. c5 d5 18. Na4 Ra5 19. Nb6 Ne4 20. d4 h5 21. h4 Bc8
22. Qc2 Ba6 23. Ra1 Rxa1 24. Rxa1 Bxe2 25. Ra8 Qe7 26. Rxe8+ Qxe8 27. Qxe2 Qe7
28. Qa6 Kh7 29. Qc8 f4 30. gxf4 Qxh4 31. Bxe4 dxe4 32. Nc4 f5 33. Nb2 Qg4+ 34.
Kf1 h4 35. Qd8 h3 36. Qg5 Qf3 37. Qg3 Qh1+ 38. Qg1 Qf3 39. Qg3 Qh1+ 40. Qg1 Qf3
{(=)} 1/2-1/2

[Event "2BLW 1920 SG Porz - TSV Schott Mainz"]
[Site "?"]
[Date "2020.01.19"]
[Round "5.6"]
[White "Malykin, Vitaly"]
[Black "Goebel, Constantin"]
[Result "1/2-1/2"]
[WhiteElo "2345"]
[BlackElo "2269"]
[PlyCount "82"]
[EventDate "2020.??.??"]

1. Nf3 Nf6 2. c4 e6 3. Nc3 d5 4. d4 Be7 5. Qc2 O-O 6. Bg5 Nbd7 7. Rd1 Re8 8. e3
c6 9. a3 Nf8 10. Bd3 b6 11. Ne5 Bb7 12. O-O N6d7 13. Bxe7 Rxe7 14. f4 Rc8 15.
Qf2 f6 16. Nxd7 Nxd7 17. e4 dxe4 18. Bxe4 Qe8 19. Bf3 Ba6 20. Ne4 Qf8 21. Nd6
Rd8 22. Rfe1 c5 23. dxc5 Nxc5 24. b4 Nb7 25. Bxb7 Bxb7 26. c5 bxc5 27. bxc5 Bc6
28. Qa2 Bd5 29. Rxd5 exd5 30. Qxd5+ Qf7 31. Qxf7+ Rxf7 32. Nxf7 Kxf7 33. Rb1
Rc8 34. Rb7+ Kg6 35. Rxa7 Rxc5 36. a4 Rc4 37. g3 Rc2 38. a5 Ra2 39. Kh1 h5 40.
Kg1 Kf5 41. Rxg7 Ke4 {(=)} 1/2-1/2

[Event "2BLW 1920 SG Porz - TSV Schott Mainz"]
[Site "?"]
[Date "2020.01.19"]
[Round "5.7"]
[White "Mueller, Marco"]
[Black "Peschlow, Patrick"]
[Result "1/2-1/2"]
[WhiteElo "2222"]
[BlackElo "2328"]
[PlyCount "85"]
[EventDate "2020.??.??"]

1. c4 Nf6 2. Nf3 g6 3. b3 Bg7 4. Bb2 O-O 5. g3 c5 6. Bg2 d6 7. O-O e5 8. Nc3
Nc6 9. d3 Nh5 10. Nd2 Be6 11. Nd5 Qd7 12. a3 Bh3 13. e4 Bxg2 14. Kxg2 Ne7 15.
b4 f5 16. f3 Rf7 17. bxc5 dxc5 18. Bc3 Nc6 19. Rb1 Raf8 20. Rb5 Qd6 21. Qe2 Nf6
22. Rfb1 b6 23. a4 Bh6 24. R1b2 fxe4 25. Nxe4 Nxe4 26. fxe4 Bg5 27. Qg4 Bd8 28.
Ra2 h5 29. Qh3 Rh7 30. Rf2 g5 31. Rxf8+ Qxf8 32. Qe6+ Qf7 33. Qxf7+ Rxf7 34.
Rb2 g4 35. Rf2 Rxf2+ 36. Kxf2 Bg5 37. Kg2 Kf7 38. h3 gxh3+ 39. Kxh3 Kg6 40. g4
Bc1 41. Kh4 Bg5+ 42. Kh3 Bc1 43. Kh4 {(=)} 1/2-1/2

[Event "2BLW 1920 SG Porz - TSV Schott Mainz"]
[Site "?"]
[Date "2020.01.19"]
[Round "5.8"]
[White "Pauly, Carlo"]
[Black "Siebenhaar, Erich"]
[Result "1-0"]
[WhiteElo "2265"]
[BlackElo "2025"]
[PlyCount "113"]
[EventDate "2020.??.??"]

1. d4 g6 2. c4 Bg7 3. Nf3 d6 4. g3 Nc6 5. Bg2 e5 6. d5 Nce7 7. Nc3 h6 8. O-O f5
9. e4 Nf6 10. exf5 gxf5 11. Nh4 c5 12. dxc6 bxc6 13. b3 O-O 14. Ba3 Ne8 15. Qd2
Rb8 16. Rad1 Rf6 17. Rfe1 Qc7 18. f4 Ng6 19. Nxg6 Rxg6 20. c5 d5 21. fxe5 Bxe5
22. Rxe5 Qxe5 23. Re1 Qf6 24. Rxe8+ Kf7 25. Re1 Bd7 26. Bb2 Qg5 27. Qd4 Re8 28.
Rxe8 Kxe8 29. Ne2 Kd8 30. Nf4 Rg8 31. Bxd5 cxd5 32. Qxd5 Rg6 33. Nxg6 Qxg6 34.
Qa8+ Ke7 35. Be5 f4 36. Qd5 Qb1+ 37. Kg2 Qxa2+ 38. Kf3 Qxh2 39. Qd6+ Ke8 40.
Qg6+ Kd8 41. Qf6+ Ke8 42. Qh8+ Ke7 43. Qg7+ Ke8 44. Qg8+ Ke7 45. Bd6+ Kf6 46.
Qd8+ Kg6 47. Qxd7 Qxg3+ 48. Ke4 Qe3+ 49. Kd5 Qxb3+ 50. Kc6 f3 51. Qg4+ Kf6 52.
Qf4+ Kg6 53. Qe4+ Kf6 54. Be5+ Kg5 55. Bf4+ Kh5 56. Be3 Qf7 57. Qd5+ 1-0

[Event "2BLW 1920 Düsseldorfer SK - DJK Aachen"]
[Site "?"]
[Date "2020.01.19"]
[Round "5.1"]
[White "Dambacher, Martijn"]
[Black "Berelowitsch, Alexander"]
[Result "1/2-1/2"]
[WhiteElo "2480"]
[BlackElo "2511"]
[PlyCount "21"]
[EventDate "2020.??.??"]

1. d4 d6 2. Nf3 f5 3. c4 Nf6 4. Nc3 g6 5. g3 Bg7 6. Bg2 O-O 7. O-O Qe8 8. Re1
e5 9. dxe5 dxe5 10. e4 Nc6 11. exf5 {(=)} 1/2-1/2

[Event "2BLW 1920 Düsseldorfer SK - DJK Aachen"]
[Site "?"]
[Date "2020.01.19"]
[Round "5.8"]
[White "Coenen, Michael"]
[Black "Juegel, Marcel"]
[Result "1-0"]
[WhiteElo "2359"]
[BlackElo "2218"]
[PlyCount "65"]
[EventDate "2020.??.??"]

1. d4 e6 2. c4 b6 3. Nf3 Bb7 4. g3 f5 5. Bg2 Bb4+ 6. Bd2 Bxd2+ 7. Qxd2 Nf6 8.
O-O O-O 9. Rd1 Qe8 10. Qc2 Qh5 11. Nc3 Na6 12. d5 Rae8 13. a3 e5 14. h3 Nc5 15.
Nb5 Nce4 16. Nxc7 Rc8 17. d6 Nxf2 18. Kxf2 Ne4+ 19. Kg1 Nxg3 20. Nd5 Kh8 21.
Kh2 f4 22. e4 Rce8 23. Rd2 Re6 24. c5 bxc5 25. Re1 g5 26. Nc7 Rff6 27. Nxe6
Rxe6 28. Qb3 Bc6 29. Qxe6 dxe6 30. d7 Bxd7 31. Rxd7 g4 32. Red1 gxf3 33. Re7
1-0

[Event "2BLW 1920 SC Siegburg - SV Koblenz"]
[Site "?"]
[Date "2020.01.19"]
[Round "5.1"]
[White "Wiedenkeller, Michael"]
[Black "Brodsky, Michail"]
[Result "1/2-1/2"]
[WhiteElo "2458"]
[BlackElo "2526"]
[PlyCount "42"]
[EventDate "2020.??.??"]

1. c4 e5 2. Nc3 Nf6 3. Nf3 Nc6 4. e3 Be7 5. d4 exd4 6. Nxd4 O-O 7. Nc2 Nb4 8.
Bd2 b6 9. Be2 Bb7 10. O-O Re8 11. Nxb4 Bxb4 12. Rc1 a5 13. Bf3 Bxf3 14. Qxf3 d6
15. Rfd1 Bxc3 16. Bxc3 Ne4 17. Qg4 Nxc3 18. Rxc3 Qe7 19. Rd5 Qe6 20. Qf3 Rad8
21. Rcd3 Rd7 {(=)} 1/2-1/2

[Event "2BLW 1920 SC Siegburg - SV Koblenz"]
[Site "?"]
[Date "2020.01.19"]
[Round "5.2"]
[White "Andreev, Eduard"]
[Black "Seul, Georg"]
[Result "1/2-1/2"]
[WhiteElo "2420"]
[BlackElo "2401"]
[PlyCount "41"]
[EventDate "2020.??.??"]

1. e4 e5 2. Nf3 Nc6 3. Bc4 Nf6 4. d3 Be7 5. O-O O-O 6. Re1 d6 7. a4 Be6 8. Bxe6
fxe6 9. c3 Re8 10. Qb3 Qd7 11. Nbd2 a6 12. Nf1 Nh5 13. d4 exd4 14. cxd4 d5 15.
Ng3 Nxg3 16. hxg3 dxe4 17. Rxe4 Qd5 18. Qe3 Bf6 19. Bd2 Rad8 20. Bc3 Rd6 21.
Re1 {(=)} 1/2-1/2

[Event "2BLW 1920 SC Siegburg - SV Koblenz"]
[Site "?"]
[Date "2020.01.19"]
[Round "5.3"]
[White "Schenderowitsch, Michael"]
[Black "Arzumanian, Georgy"]
[Result "1/2-1/2"]
[WhiteElo "2337"]
[BlackElo "2475"]
[PlyCount "32"]
[EventDate "2020.??.??"]

1. d4 d6 2. c4 e5 3. Nf3 exd4 4. Nxd4 g6 5. Nc3 Bg7 6. g3 Ne7 7. Bg2 Nd7 8. O-O
O-O 9. e4 a5 10. h3 Nc5 11. Be3 a4 12. Qd2 Nc6 13. Nxc6 bxc6 14. Bd4 Be6 15.
Rfd1 Bxd4 16. Qxd4 Qg5 {(=)} 1/2-1/2

[Event "2BLW 1920 SC Siegburg - SV Koblenz"]
[Site "?"]
[Date "2020.01.19"]
[Round "5.4"]
[White "Jackelen, Thomas"]
[Black "Fritsche, Lutz"]
[Result "1-0"]
[WhiteElo "2415"]
[BlackElo "2336"]
[PlyCount "65"]
[EventDate "2020.??.??"]

1. Nf3 e6 2. c4 f5 3. g3 Nf6 4. Bg2 d5 5. O-O Bd6 6. Nc3 O-O 7. d3 Kh8 8. e4
dxe4 9. dxe4 Nc6 10. exf5 exf5 11. Nb5 Ne4 12. Nxd6 cxd6 13. Nd4 Ne5 14. b3 Bd7
15. Bb2 Qb6 16. Ne2 Rae8 17. Nf4 Bc6 18. h4 Kg8 19. Nd5 Qd8 20. Re1 Nc5 21. Re3
a5 22. Qe2 Ned3 23. Bd4 Rxe3 24. Bxe3 Qe8 25. Qd2 Qe5 26. Rd1 Bxd5 27. Bxd5+
Kh8 28. f4 Qe7 29. Bd4 Re8 30. Bf3 Ne1 31. Bd5 h6 32. Bxc5 dxc5 33. Kf2 1-0

[Event "2BLW 1920 SC Siegburg - SV Koblenz"]
[Site "?"]
[Date "2020.01.19"]
[Round "5.5"]
[White "Hammes, Michael"]
[Black "Grinev, Valeriy"]
[Result "1/2-1/2"]
[WhiteElo "2339"]
[BlackElo "2476"]
[PlyCount "59"]
[EventDate "2020.??.??"]

1. d4 Nf6 2. c4 g6 3. Nf3 Bg7 4. Nc3 d5 5. Bf4 O-O 6. Rc1 dxc4 7. e3 Be6 8. Ng5
Bd5 9. e4 h6 10. exd5 hxg5 11. Bxg5 Nxd5 12. Bxc4 Nb6 13. Bb3 Nc6 14. d5 Nd4
15. O-O Qd7 16. Re1 Rfe8 17. h4 Rad8 18. Re4 Nxb3 19. Qxb3 Nxd5 20. Qxb7 Nxc3
21. bxc3 c6 22. Qa6 Bf6 23. Rce1 Bxg5 24. hxg5 e6 25. Qa5 Qd5 26. Re5 Qxa5 27.
Rxa5 Rd5 28. Re5 Rxe5 29. Rxe5 Rd8 30. Ra5 {(=)} 1/2-1/2

[Event "2BLW 1920 SC Siegburg - SV Koblenz"]
[Site "?"]
[Date "2020.01.19"]
[Round "5.6"]
[White "Omelja, Artem"]
[Black "Stewart, Neil"]
[Result "1-0"]
[WhiteElo "2480"]
[BlackElo "2229"]
[PlyCount "105"]
[EventDate "2020.??.??"]

1. Nf3 d5 2. e3 Nf6 3. c4 e6 4. Nc3 Be7 5. b3 O-O 6. Bb2 b6 7. cxd5 Nxd5 8.
Nxd5 exd5 9. Be2 c5 10. d4 Be6 11. Rc1 Nd7 12. O-O Qc8 13. dxc5 bxc5 14. Nd4
Qb7 15. Nxe6 fxe6 16. Bg4 Qb6 17. e4 d4 18. f4 a5 19. e5 Ra7 20. Qd3 Re8 21.
Qc4 Bf8 22. a3 Qa6 23. Be2 Qxc4 24. Bxc4 Nb6 25. Bb5 Rd8 26. a4 Nd5 27. Rf3 Ne3
28. Kf2 g6 29. Kg1 Be7 30. g3 Rf8 31. h4 h6 32. Kf2 g5 33. hxg5 hxg5 34. Ke2 g4
35. Rxe3 dxe3 36. Bc4 Kg7 37. Rh1 Raa8 38. Bc3 Rh8 39. Rxh8 Rxh8 40. Bxa5 Rh3
41. Be1 Bd8 42. a5 Kf7 43. a6 Ke7 44. Kxe3 Bb6 45. Bf2 Rh1 46. Ke4 Rh2 47. Be3
Rh1 48. f5 Re1 49. fxe6 Ke8 50. Kd3 Rd1+ 51. Ke2 Ra1 52. Bg5 Ra5 53. e7 1-0

[Event "2BLW 1920 SC Siegburg - SV Koblenz"]
[Site "?"]
[Date "2020.01.19"]
[Round "5.7"]
[White "Steinacker, Alex"]
[Black "Zavgorodniy, Sergiy"]
[Result "1/2-1/2"]
[WhiteElo "2287"]
[BlackElo "2427"]
[PlyCount "78"]
[EventDate "2020.??.??"]

1. g3 e5 2. c4 c6 3. d4 d6 4. Bg2 Nf6 5. Nc3 Be7 6. e4 O-O 7. Nf3 Nbd7 8. O-O
a6 9. d5 cxd5 10. exd5 b5 11. cxb5 axb5 12. Nxb5 Ba6 13. Nc3 Qb8 14. Re1 Rc8
15. Bf1 Bb7 16. Be3 Bd8 17. Bh3 Ba5 18. Rb1 Bxc3 19. bxc3 Rxc3 20. Qd2 Rc7 21.
Rb5 Qd8 22. Reb1 Bc8 23. Nh4 Ne4 24. Qb4 Nc3 25. Qxd6 Nxb5 26. Rxb5 Ra6 27. Qb4
Rxa2 28. Nf5 Ba6 29. Ne7+ Kh8 30. Nc6 Ra1+ 31. Kg2 Rxc6 32. dxc6 Bxb5 33. Qxb5
Nf6 34. Qxe5 Qd1 35. Qxa1 Qxa1 36. c7 Qa8+ 37. f3 Nd5 38. c8=Q+ Qxc8 39. Bxc8
Nxe3+ 1/2-1/2

[Event "2BLW 1920 SC Siegburg - SV Koblenz"]
[Site "?"]
[Date "2020.01.19"]
[Round "5.8"]
[White "Maly, Alexey"]
[Black "Bohn, Thomas"]
[Result "1-0"]
[WhiteElo "2357"]
[BlackElo "2329"]
[PlyCount "67"]
[EventDate "2020.??.??"]

1. d4 e6 2. c4 f5 3. Nf3 Nf6 4. g3 Be7 5. Bg2 O-O 6. O-O d6 7. Nc3 Qe8 8. b3 a5
9. Re1 Ne4 10. Nxe4 fxe4 11. Nd2 d5 12. f3 Nc6 13. fxe4 Nxd4 14. e3 Nc6 15.
exd5 exd5 16. Bxd5+ Kh8 17. Bb2 Nb4 18. Be4 Bh3 19. Qe2 Rd8 20. a3 Nc6 21. Bg2
Bf5 22. Ne4 Qg6 23. Nf2 Bc5 24. Rad1 Rde8 25. Qd2 Bc2 26. Rc1 Bxb3 27. Qc3 a4
28. Ne4 Bb6 29. Rf1 Rxf1+ 30. Rxf1 h6 31. Kh1 Rxe4 32. Rf8+ Kh7 33. Qxg7+ Qxg7
34. Bxe4+ 1-0

[Event "2BLW 1920 DJK Aachen - SC Siegburg"]
[Site "?"]
[Date "2020.02.09"]
[Round "6.1"]
[White "Brodsky, Michail"]
[Black "Dambacher, Martijn"]
[Result "1/2-1/2"]
[WhiteElo "2525"]
[BlackElo "2480"]
[PlyCount "124"]
[EventDate "2020.??.??"]

1. Nf3 e6 2. c4 f5 3. g3 Nf6 4. Bg2 d5 5. O-O c6 6. d3 Be7 7. Qc2 O-O 8. Nc3 a5
9. Bf4 Nbd7 10. Rad1 Nc5 11. Be5 Bd7 12. e3 b5 13. Ne2 bxc4 14. dxc4 Nce4 15.
h3 Nd6 16. b3 Nf7 17. Nf4 Nxe5 18. Nxe5 Bd6 19. Nfd3 Ne4 20. Rc1 Ba3 21. Rb1
Bd6 22. Rbc1 Ba3 23. Nxd7 Qxd7 24. cxd5 cxd5 25. Qc6 Qe7 26. Rc2 Bd6 27. Rfc1
Ba3 28. Rd1 Bd6 29. Rdc1 g5 30. Qb6 Rfb8 31. Qd4 Rf8 32. Rc6 Qd7 33. Ne5 Qg7
34. Nf3 Qe7 35. R1c2 f4 36. exf4 gxf4 37. g4 Rad8 38. Ne1 Ng5 39. Nf3 Ne4 40.
Ne1 Ng5 41. Nf3 Nf7 42. Re2 Qd7 43. Rc1 Bb8 44. Rce1 Rfe8 45. Qf6 e5 46. Nd4 e4
47. Nc6 Re6 48. Nxb8 Rxf6 49. Nxd7 Rxd7 50. Rd2 f3 51. Bf1 Rfd6 52. Kh2 Kg7 53.
Kg3 Kf6 54. Rc1 Ng5 55. Bb5 e3 56. Rd4 Rb7 57. Rf4+ Ke7 58. Bd3 e2 59. h4 Rc6
60. Re1 Rbc7 61. Bxe2 fxe2 62. hxg5 Re6 1/2-1/2

[Event "2BLW 1920 DJK Aachen - SC Siegburg"]
[Site "?"]
[Date "2020.02.09"]
[Round "6.2"]
[White "Dardha, Daniel"]
[Black "Andreev, Eduard"]
[Result "1/2-1/2"]
[WhiteElo "2442"]
[BlackElo "2420"]
[PlyCount "43"]
[EventDate "2020.??.??"]

1. c4 c5 2. Nc3 Nc6 3. Nf3 g6 4. g3 Bg7 5. Bg2 e6 6. d3 Nge7 7. h4 h6 8. Be3 d6
9. Qc1 b6 10. O-O Bb7 11. a3 Qd7 12. Bf4 Nf5 13. Qd1 O-O 14. e4 Nfd4 15. Nxd4
Nxd4 16. Be3 f5 17. Rc1 h5 18. f4 a6 19. Ne2 b5 20. Bxd4 cxd4 21. exf5 Bxg2 22.
Kxg2 1/2-1/2